[Event "119th YMCA Winter-D"]
[Site "Warszawa"]
[Date "2013.01.08"]
[Round "1"]
[White "Kaniewska, Emilia"]
[Black "Sanz-Wawer, Daniel"]
[Result "1-0"]
[WhiteElo "1620"]
[BlackElo "1572"]
[Annotator "Admin"]
[PlyCount "65"]
[EventDate "2013.01.08"]
[EventType "tourn"]
[EventRounds "1"]
[EventCountry "POL"]
[SourceDate "2013.01.07"]

1. c4 Nf6 2. Nc3 g6 3. g3 Bg7 4. Bg2 O-O 5. Nf3 Nc6 6. d4 d5 7. cxd5 Nxd5 8.
O-O Nxc3 9. bxc3 e5 10. Bb2 Bg4 11. d5 Na5 12. Qa4 Bxf3 13. Bxf3 b6 14. c4 Nb7
15. Qc2 Nc5 $11 16. e4 Qd6 17. Bg2 a5 18. a4 Rfe8 19. f4 Re7 20. f5 g5 21. Ba3
Ree8 22. Rab1 Bf8 23. f6 Qd8 24. Rf5 Nd7 25. Bxf8 Nxf8 26. Rxg5+ Kh8 27. Rf1
Qd6 28. Rg7 Qd7 29. Qe2 Qxa4 30. Qg4 Ng6 31. Qh5 Nf8 32. Qxf7 Qxc4 33. Qg8# 1-0

[Event "119th YMCA Winter-D"]
[Site "Warszawa"]
[Date "2013.01.08"]
[Round "1"]
[White "Jackiewicz, Jerzy"]
[Black "Duda, Ryszard"]
[Result "1/2-1/2"]
[WhiteElo "1522"]
[BlackElo "1635"]
[Annotator "Admin"]
[PlyCount "179"]
[EventDate "2013.01.08"]
[EventType "tourn"]
[EventRounds "1"]
[EventCountry "POL"]
[SourceDate "2013.01.07"]

1. e4 c5 2. Nf3 Nc6 3. Bc4 e6 4. Nc3 a6 5. a3 b5 6. Ba2 Bb7 7. d3 Qc7 8. O-O h6
9. Bd2 Nf6 10. h3 Rd8 11. Re1 d6 12. Rb1 Be7 13. Ne2 d5 14. exd5 Nxd5 15. c4
Nf6 16. Qc2 b4 17. Ng3 O-O 18. Rbd1 Bd6 19. Ne4 Nxe4 20. dxe4 Qb6 21. e5 b3 22.
Bxb3 Be7 23. Bc3 Nd4 24. Bxd4 cxd4 25. Qd3 g6 26. Bc2 a5 27. Rb1 Ba6 28. a4 Qc5
29. b3 Rd7 30. Re4 h5 31. Rxd4 Rxd4 32. Qxd4 Qc7 33. Rd1 Rd8 34. Qa1 Bb7 35.
Rxd8+ Qxd8 36. Qd1 Qc7 37. Qe2 Qc6 38. Ne1 Bb4 39. f3 Qc5+ 40. Kh1 Qc7 41. Nd3
Be7 42. Qe3 Kg7 43. Qf4 Ba6 44. Qd4 Bf8 45. Qe3 Be7 46. f4 Bb7 47. Bd1 Qb8 48.
Nc5 Bc6 49. Ne4 Qb7 50. Bf3 Qb4 51. Qc3 Bxe4 52. Qxb4 Bxb4 53. Bxe4 Kf8 54. g3
Ke7 55. Kg2 Bc5 56. Kf3 Bb4 57. g4 hxg4+ 58. Kxg4 Bc5 59. h4 Bb4 60. h5 gxh5+
61. Kxh5 Bc5 62. Kg5 Bb4 63. Kg4 f5+ 64. exf6+ Kxf6 65. Kf3 Bc5 66. Ke2 Ke7 67.
Kd3 Kd6 68. Bh7 Bb4 69. Kd4 Bc5+ 70. Ke4 Bb4 71. Kf3 Ke7 72. Bg8 Kf6 73. Kg4
Bc5 74. Bh7 Kg7 75. Be4 Kf6 76. Bb7 Bb4 77. Kf3 e5 78. Bd5 exf4 79. Kxf4 Ke7
80. Ke5 Bc3+ 81. Ke4 Kd6 82. Kd3 Bb4 83. Bf7 Kc5 84. Ke4 Be1 85. Ke5 Bc3+ 86.
Ke6 Bd4 87. Kd7 Kb4 88. Kc6 Kxb3 89. c5+ Kb4 90. Bb3 $11 1/2-1/2

[Event "119th YMCA Winter-D"]
[Site "Warszawa"]
[Date "2013.01.08"]
[Round "1"]
[White "Rodak, Przemyslaw"]
[Black "Budrewicz, Henryk"]
[Result "1-0"]
[WhiteElo "1684"]
[BlackElo "1585"]
[Annotator "Admin"]
[PlyCount "151"]
[EventDate "2013.01.08"]
[EventType "tourn"]
[EventRounds "1"]
[EventCountry "POL"]
[SourceDate "2013.01.07"]

1. d4 Nf6 2. c4 c6 3. Nc3 e6 4. e4 Bb4 5. Qc2 d5 6. cxd5 exd5 7. e5 Ne4 8. Bd3
f5 9. Nf3 O-O 10. O-O h6 11. a3 Be7 12. Qb3 Kh8 13. Bf4 g5 14. Bc1 b6 15. Ne1
Nxc3 16. bxc3 c5 17. Qd1 c4 18. Bc2 Be6 19. Qh5 Kg7 20. Kh1 Rh8 21. g3 Qf8 22.
Qe2 Qf7 23. Ng2 Nd7 24. Ne3 Raf8 25. a4 h5 26. Ng2 Rfg8 27. f4 g4 28. Ba3 h4
29. Bxe7 Qxe7 30. Nxh4 Qf7 31. Rf2 Nf8 32. Kg1 Ng6 33. Nxg6 Qxg6 34. Rb1 Rb8
35. Qf1 a6 36. Rb2 b5 37. Qb1 Bd7 38. Re2 Qe6 39. axb5 axb5 40. Ra2 Rb7 41. Bd1
Rhb8 42. Reb2 Qb6 43. Bc2 Kg6 44. Qa1 Qc7 45. Ra6+ Rb6 46. Qa3 Rxa6 47. Qxa6+
Bc6 48. Qa1 Ra8 49. Ra2 Rxa2 50. Qxa2 Qb7 51. Qa3 Qd7 52. Qf8 Qe6 53. Qh8 Bd7
54. Qh4 Kg7 55. Kg2 Qg6 56. Qe7+ Qf7 57. Qd6 Qe6 58. Qc7 Kf7 59. Qd8 Qe7 60.
Qh8 Kg6 $11 61. Qg8+ Qg7 62. Qd8 Kh6 63. Qh4+ Kg6 64. Qxg4+ Kf7 65. Qh5+ Qg6
66. Qh8 Qg4 67. Kf2 Qg6 68. Bd1 Ke7 69. h4 Qa6 70. Be2 Qa2 71. Qf6+ Ke8 72. Ke3
Be6 73. Qxe6+ Kd8 74. Qxd5+ Kc7 75. Qc5+ Kb8 76. Qxb5+ 1-0

[Event "119th YMCA Winter-D"]
[Site "Warszawa"]
[Date "2013.01.08"]
[Round "1"]
[White "Wilczynski, Adam"]
[Black "Zwolan, Anna"]
[Result "1-0"]
[WhiteElo "1648"]
[BlackElo "1650"]
[PlyCount "141"]
[EventDate "2013.01.08"]
[EventType "tourn"]
[EventRounds "1"]
[EventCountry "POL"]
[SourceDate "2013.01.07"]

1. c4 e5 2. g3 Nf6 3. Bg2 d5 4. cxd5 Nxd5 5. Nf3 Nc6 6. O-O Nb6 7. d3 Be7 8.
Nbd2 Be6 9. b3 O-O 10. Bb2 f6 11. Rc1 Qe8 12. Ne4 Qf7 13. Nc5 Bxc5 14. Rxc5
Rfd8 15. Nd2 Bd5 16. f3 Rd7 17. Qb1 Nd4 18. Rf2 Re8 19. e3 Ne6 20. Rc1 Red8 21.
Bf1 Qh5 22. f4 exf4 23. exf4 Bc6 24. Ne4 Qd5 25. Bxf6 Rf8 26. Bb2 Rdf7 27. Bg2
Qd7 28. Qc2 Rd8 29. Rd1 Nd4 30. Qc5 Ne6 31. Qh5 Nd5 32. f5 Nf8 33. Rdd2 Ne3 34.
Bh3 Qe8 35. Qg5 Nd5 36. a3 Nb6 37. Rfe2 Bxe4 38. Rxe4 Qd7 39. Rd4 Nd5 40. Rf2
Qe8 41. Re4 Qd7 42. Bg2 Nf6 43. Rd4 Qe8 44. Rxd8 Qxd8 45. d4 c6 46. Re2 Qd7 47.
g4 c5 48. Rd2 cxd4 49. Rxd4 Qb5 50. b4 Qe2 51. Qd2 Qxd2 52. Rxd2 Nxg4 53. Bd5
Ne3 54. Bxf7+ Kxf7 55. Rf2 Nd1 56. Rg2 Nxb2 57. Rxb2 Kf6 58. Rd2 h6 59. Rd8 Nh7
60. Rd7 Ng5 61. Rxb7 a6 62. a4 Nf3+ 63. Kg2 Nh4+ 64. Kf2 Nxf5 65. Rb6+ Ke5 66.
Rxa6 g5 67. Rc6 h5 68. a5 Ne7 69. Rc5+ Nd5 70. a6 Kd6 71. Rxd5+ 1-0

[Event "119th YMCA Winter-D"]
[Site "Warszawa"]
[Date "2013.01.08"]
[Round "1"]
[White "Duniec, Mateusz"]
[Black "Kalhorn, Marcin"]
[Result "0-1"]
[WhiteElo "1619"]
[BlackElo "1635"]
[PlyCount "32"]
[EventDate "2013.01.08"]
[EventType "tourn"]
[EventRounds "1"]
[EventCountry "POL"]
[SourceDate "2013.01.07"]

1. e4 e6 2. d4 d5 3. Nd2 c5 4. exd5 Qxd5 5. Ngf3 cxd4 6. Bc4 Qd6 7. O-O Nf6 8.
Nb3 Nc6 9. Nbxd4 Nxd4 10. Nxd4 a6 11. a4 Qc7 12. Bb3 Bd6 13. g3 e5 14. Re1 Bg4
15. Qd3 O-O-O 16. f3 Bh3 0-1

[Event "119th YMCA Winter-D"]
[Site "Warszawa"]
[Date "2013.01.08"]
[Round "1"]
[White "Bartczak, Hanna"]
[Black "Chylewski, Patryk"]
[Result "1/2-1/2"]
[WhiteElo "1543"]
[BlackElo "1666"]
[Annotator "Admin"]
[PlyCount "55"]
[EventDate "2013.01.08"]
[EventType "tourn"]
[EventRounds "1"]
[EventCountry "POL"]
[SourceDate "2013.01.07"]

1. d4 Nf6 2. c4 g6 3. Nc3 d5 4. cxd5 Nxd5 5. e4 Nxc3 6. bxc3 Bg7 7. Nf3 c5 8.
Bb5+ Nd7 9. O-O O-O 10. Be3 Qa5 11. Qa4 Qxa4 12. Bxa4 Nb6 13. Bb3 cxd4 14. cxd4
Bg4 15. Rac1 Bxf3 16. gxf3 Rac8 17. d5 Bb2 18. Rcd1 Rfd8 19. Bxb6 axb6 20. f4
Rc3 21. Kg2 Ba3 22. e5 Kg7 23. Rfe1 h5 24. Re3 Rcc8 25. h4 b5 26. Kf3 Rc7 27.
Ke4 f5+ 28. Kf3 $11 1/2-1/2

[Event "119th YMCA Winter-D"]
[Site "Warszawa"]
[Date "2013.01.15"]
[Round "2"]
[White "Kalhorn, Marcin"]
[Black "Bartczak, Hanna"]
[Result "1-0"]
[WhiteElo "1635"]
[BlackElo "1543"]
[PlyCount "57"]
[EventDate "2013.01.08"]
[EventType "tourn"]
[EventRounds "1"]
[EventCountry "POL"]
[SourceDate "2013.01.07"]

1. e4 c6 2. d4 d5 3. exd5 cxd5 4. Bd3 Nc6 5. c3 g6 6. Nf3 Bg7 7. Bf4 Nf6 8. h3
O-O 9. Nbd2 a6 10. a4 Bd7 11. O-O Qc8 12. Re1 Re8 13. Qb3 h5 14. Ne5 Bxh3 15.
gxh3 Qxh3 16. Re3 Qc8 17. Ndf3 Ng4 18. Ree1 Ngxe5 19. Nxe5 Nxe5 20. Bxe5 Qg4+
21. Kf1 Qf3 22. Qd1 Qh3+ 23. Kg1 Bh6 24. Bf1 Qf5 25. Qd3 Qg5+ 26. Qg3 Qf5 27.
Bd3 Qd7 28. Bxg6 Qg4 29. Bxh5 1-0

[Event "119th YMCA Winter-D"]
[Site "Warszawa"]
[Date "2013.01.24"]
[Round "2"]
[White "Zwolan, Anna"]
[Black "Duniec, Mateusz"]
[Result "1/2-1/2"]
[WhiteElo "1650"]
[BlackElo "1619"]
[Annotator "Admin"]
[PlyCount "38"]
[EventDate "2013.01.08"]
[EventType "tourn"]
[EventRounds "1"]
[EventCountry "POL"]
[SourceDate "2013.01.07"]

1. e4 c5 2. d4 cxd4 3. c3 d3 4. Bxd3 Nc6 5. Nf3 d5 6. O-O a6 7. Qb3 e6 8. e5
Bc5 9. Qa4 Nge7 10. Qg4 Ng6 11. h4 Rg8 12. Qh5 Kf8 13. b4 Be7 14. g3 Qc7 15.
Re1 d4 16. Nxd4 Ncxe5 17. Bxg6 Nxg6 18. Qf3 e5 19. Nf5 Bxf5 $11 1/2-1/2

[Event "119th YMCA Winter-D"]
[Site "Warszawa"]
[Date "2013.01.15"]
[Round "2"]
[White "Budrewicz, Henryk"]
[Black "Wilczynski, Adam"]
[Result "1-0"]
[WhiteElo "1585"]
[BlackElo "1648"]
[PlyCount "141"]
[EventDate "2013.01.08"]
[EventType "tourn"]
[EventRounds "1"]
[EventCountry "POL"]
[SourceDate "2013.01.07"]

1. e4 c5 2. c3 Nf6 3. e5 Nd5 4. d4 cxd4 5. Nf3 Nc6 6. Bc4 e6 7. O-O Nb6 8. Bb3
d6 9. cxd4 Be7 10. Nc3 O-O 11. Qe2 a5 12. a3 d5 13. Be3 Bd7 14. Rac1 f5 15. Qd2
a4 16. Ba2 Na5 17. Rc2 Nac4 18. Bxc4 Nxc4 19. Qc1 h6 20. Ne1 g5 21. g3 Na5 22.
Ng2 Nb3 23. Qd1 Kg7 24. h3 Rc8 25. f4 Rc4 26. Rff2 Qb6 27. Ne2 Rxc2 28. Qxc2
Rc8 29. Nc3 Rc4 30. Qd3 Qd8 31. Ne1 Be8 32. Nf3 Rc8 33. Rc2 g4 34. Ne1 Qa5 35.
hxg4 fxg4 36. f5 exf5 37. Qxf5 Qd8 38. Qxg4+ Bg6 39. Rh2 Bg5 40. Bxg5 hxg5 41.
Nf3 Rc4 42. Nxg5 Nxd4 43. Ne6+ Nxe6 44. Qxe6 Rc6 45. Qxd5 Qb6+ 46. Rf2 Qe3 47.
Qd7+ Kh6 48. Qd2 Qxd2 49. Rxd2 Kg5 50. Kf2 Kf5 51. Re2 Ke6 52. Nxa4 b5 53. Nc3
Bd3 54. Re3 Bc4 55. g4 Rc5 56. Kg3 Rxe5 57. Kf4 Rxe3 58. Kxe3 Ke5 59. g5 Kf5
60. Kd4 Kxg5 61. Kc5 Kf6 62. Nxb5 Bb3 63. Nd4 Bd1 64. b4 Ke7 65. b5 Kd7 66. b6
Ba4 67. Kb4 Bd1 68. Ka5 Bg4 69. Ka6 Bh3 70. Ka7 Bg2 71. b7 1-0

[Event "119th YMCA Winter-D"]
[Site "Warszawa"]
[Date "2013.01.15"]
[Round "2"]
[White "Duda, Ryszard"]
[Black "Rodak, Przemyslaw"]
[Result "1-0"]
[WhiteElo "1635"]
[BlackElo "1684"]
[PlyCount "103"]
[EventDate "2013.01.08"]
[EventType "tourn"]
[EventRounds "1"]
[EventCountry "POL"]
[SourceDate "2013.01.07"]

1. d4 d5 2. Nf3 Nf6 3. g3 e6 4. Bg2 c5 5. c4 Nc6 6. cxd5 Qxd5 7. Nc3 Qc4 8.
dxc5 Bxc5 9. O-O O-O 10. a3 Rd8 11. Qa4 Qxa4 12. Nxa4 Be7 13. Nc3 Bd7 14. b4
Rac8 15. Bb2 Be8 16. Rfd1 a6 17. e3 h6 18. Rac1 Rxd1+ 19. Rxd1 Rd8 20. Rxd8
Bxd8 21. Nd2 Kf8 22. Nde4 Nxe4 23. Nxe4 Be7 24. Nc5 Bxc5 25. bxc5 g6 26. Kf1
Ke7 27. Ke2 Kd7 28. Bc3 Kc7 29. Kd2 b6 30. cxb6+ Kxb6 31. Kc2 h5 32. f4 Ne7 33.
Bd4+ Kb5 34. Bf1+ Ka5 35. Kb2 Bc6 36. Bd3 Bb5 37. Bc2 Ba4 38. Bc3+ Kb5 39. Bd3+
Kb6 40. e4 Bd7 41. Kb3 Nc6 42. Kc4 Ne7 43. Bd4+ Kb7 44. Kc5 Nc8 45. Bc4 Bc6 46.
Bxa6+ Kxa6 47. Kxc6 Ne7+ 48. Kd7 Ng8 49. Bg7 f6 50. Kxe6 f5 51. exf5 gxf5 52.
Kf7 1-0

[Event "119th YMCA Winter-D"]
[Site "Warszawa"]
[Date "2013.01.17"]
[Round "2"]
[White "Sanz-Wawer, Daniel"]
[Black "Jackiewicz, Jerzy"]
[Result "1/2-1/2"]
[WhiteElo "1572"]
[BlackElo "1522"]
[Annotator "Admin"]
[PlyCount "85"]
[EventDate "2013.01.08"]
[EventType "tourn"]
[EventRounds "1"]
[EventCountry "POL"]
[SourceDate "2013.01.07"]

1. d4 e6 2. e4 d5 3. Nc3 dxe4 4. Nxe4 Nf6 5. Nxf6+ Qxf6 6. Nf3 h6 7. Bc4 Bd6 8.
O-O Nd7 9. Bd2 O-O 10. Bc3 Qd8 11. d5 e5 12. Re1 Re8 13. Re2 a6 14. Qe1 Qf6 15.
a4 b6 16. Rd1 a5 17. Bb5 Re7 18. Re4 Nc5 19. Bxe5 Bxe5 20. Rxe5 Rxe5 21. Qxe5
Bg4 22. Qxf6 gxf6 23. Re1 Bxf3 24. gxf3 Rd8 25. Bc6 Na6 26. c3 Kf8 27. Kg2 Nc5
28. Kg3 Nd3 29. Re2 Ne5 30. Bb7 Re8 31. f4 Nc4 32. Rxe8+ Kxe8 33. b3 Nd2 34.
Kh4 Nxb3 35. Kh5 Kf8 36. Kxh6 Nc5 37. Bc6 Nd3 38. f5 Nxf2 39. Kh5 Ne4 40. c4
Nd6 41. Kg4 Nxc4 42. Kf4 Kg7 43. Kg4 $11 1/2-1/2

[Event "119th YMCA Winter-D"]
[Site "Warszawa"]
[Date "2013.01.18"]
[Round "2"]
[White "Krzyzanowski, Antoni"]
[Black "Kaniewska, Emilia"]
[Result "1-0"]
[WhiteElo "1708"]
[BlackElo "1620"]
[PlyCount "121"]
[EventDate "2013.01.08"]
[EventType "tourn"]
[EventRounds "1"]
[EventCountry "POL"]
[SourceDate "2013.01.07"]

1. e4 c5 2. d4 cxd4 3. c3 dxc3 4. Nxc3 e6 5. Nf3 Nc6 6. Bc4 d6 7. O-O Nf6 8.
Ng5 h6 9. f4 hxg5 10. fxg5 Nd7 11. g6 Nde5 12. gxf7+ Nxf7 13. Bf4 Nce5 14. Bb3
Bd7 15. Rc1 Be7 16. Rc2 b5 17. Qe2 Rb8 18. Qf2 a5 19. Rd2 g5 20. Be3 Rf8 21.
Qg3 g4 22. Bf2 Rh8 23. Rd4 Bh4 24. Qe3 Qg5 25. Qe1 Bxf2+ 26. Qxf2 Qh5 27. Qf4
Ng5 28. Rxd6 Ngf3+ 29. gxf3 Nxf3+ 30. Rxf3 gxf3 31. Rxe6+ Bxe6 32. Qxb8+ Ke7
33. Qc7+ Kf6 34. Qf4+ Ke7 35. Qc7+ Kf8 36. Qf4+ Kg7 37. Bxe6 Qg6+ 38. Qg3 Qxg3+
39. hxg3 b4 40. Na4 Re8 41. Bd5 Kf6 42. Kf2 Ke5 43. Kxf3 Rc8 44. Ke3 Rc7 45.
Nb6 Kf6 46. Kf4 Rc2 47. e5+ Ke7 48. g4 Rxb2 49. g5 Rf2+ 50. Kg4 Re2 51. Kf5
Rf2+ 52. Kg6 Re2 53. e6 Re5 54. Bb3 Rb5 55. Nd5+ Kd6 56. e7 Rb8 57. Kf7 a4 58.
Bxa4 Kxd5 59. e8=Q Rxe8 60. Bxe8 b3 61. axb3 1-0

[Event "119th YMCA Winter-D"]
[Site "Warszawa"]
[Date "2013.01.25"]
[Round "3"]
[White "Jackiewicz, Jerzy"]
[Black "Krzyzanowski, Antoni"]
[Result "0-1"]
[WhiteElo "1522"]
[BlackElo "1708"]
[PlyCount "104"]
[EventDate "2013.01.08"]
[EventType "tourn"]
[EventRounds "1"]
[EventCountry "POL"]
[SourceDate "2013.01.07"]

1. e4 c5 2. Nf3 d6 3. c3 Nf6 4. d3 e5 5. h3 Nc6 6. Be3 Be7 7. Be2 O-O 8. O-O
Qc7 9. Nbd2 Bd7 10. d4 h6 11. d5 Nd8 12. c4 Nh7 13. Ne1 f5 14. exf5 Bxf5 15.
Bd3 Bxd3 16. Nxd3 g5 17. Qg4 Kg7 18. Ne4 b5 19. b3 Nf6 20. Nxf6 Bxf6 21. Rac1
Qf7 22. Qf5 b4 23. g4 a5 24. Nb2 Nb7 25. Na4 Bd8 26. Qxf7+ Rxf7 27. f3 Bc7 28.
Kg2 Raf8 29. Rf2 Kg6 30. Rcf1 Rh7 31. Nb2 Nd8 32. Nd1 Nf7 33. Bc1 Nh8 34. Ne3
Kf6 35. Nf5 Ng6 36. Re2 Nf4+ 37. Bxf4 gxf4 38. Rh1 h5 39. Kf1 hxg4 40. fxg4 Rg8
41. Reh2 e4 42. Kf2 Ke5 43. Rg2 Bd8 44. h4 f3 45. Rgg1 Kf4 46. Nxd6 e3+ 47. Kf1
Bxh4 48. Rxh4 Rxh4 49. Nf5 Rhxg4 50. Rxg4+ Rxg4 51. d6 Kxf5 52. d7 Rd4 0-1

[Event "119th YMCA Winter-D"]
[Site "Warszawa"]
[Date "2013.01.24"]
[Round "3"]
[White "Rodak, Przemyslaw"]
[Black "Sanz-Wawer, Daniel"]
[Result "1-0"]
[WhiteElo "1684"]
[BlackElo "1572"]
[PlyCount "75"]
[EventDate "2013.01.08"]
[EventType "tourn"]
[EventRounds "1"]
[EventCountry "POL"]
[SourceDate "2013.01.07"]

1. d4 Nf6 2. c4 e6 3. Nc3 Bb4 4. Nf3 c5 5. e3 Nc6 6. a3 Bxc3+ 7. bxc3 d6 8. Bd3
O-O 9. O-O b6 10. e4 e5 11. d5 Na5 12. Bg5 Ba6 13. Nd2 Kh8 14. f4 Qe7 15. Qf3
Rad8 16. fxe5 Qxe5 17. Bxf6 Qxf6 18. Qxf6 gxf6 19. Rxf6 Kg7 20. Raf1 Rd7 21.
R6f5 f6 22. R1f3 Rff7 23. Be2 Rde7 24. Rg3+ Kh8 25. Kf2 Bc8 26. Rf4 Ba6 27. Rh4
f5 28. exf5 Rxf5+ 29. Rf3 Rfe5 30. Bd3 Re1 31. Rf8+ Kg7 32. Rf3 Kh8 33. Rf8+
Kg7 34. Rd8 Nb7 35. Rxh7+ Kf6 36. Rf8+ Kg5 37. Nf3+ Kg4 38. h3# 1-0

[Event "119th YMCA Winter-D"]
[Site "Warszawa"]
[Date "2013.01.22"]
[Round "3"]
[White "Wilczynski, Adam"]
[Black "Duda, Ryszard"]
[Result "1-0"]
[WhiteElo "1648"]
[BlackElo "1635"]
[PlyCount "75"]
[EventDate "2013.01.08"]
[EventType "tourn"]
[EventRounds "1"]
[EventCountry "POL"]
[SourceDate "2013.01.07"]

1. Nf3 Nf6 2. c4 g6 3. g3 Bg7 4. Bg2 O-O 5. O-O d5 6. cxd5 Nxd5 7. Nc3 c6 8. e4
Nxc3 9. bxc3 e5 10. d4 Bg4 11. Qb3 Qc7 12. Nxe5 Bxe5 13. dxe5 Qxe5 14. Qxb7 Nd7
15. Qxc6 Rfc8 16. Qd5 Qxc3 17. Be3 Be6 18. Qd6 Qc7 19. Qd2 Qc3 20. Qd1 Qa5 21.
f4 Rab8 22. g4 Nb6 23. f5 Bc4 24. Re1 Rd8 25. Qc2 Rbc8 26. Qb2 Nd7 27. Red1 Ne5
28. Rxd8+ Rxd8 29. h3 Nc6 30. Rc1 Qe5 31. Qc2 Na5 32. Bxa7 Ba6 33. Qc7 Rd1+ 34.
Kf2 Qb2+ 35. Kg3 Rxc1 36. Qd8+ Kg7 37. Bd4+ Qxd4 38. Qxd4+ 1-0

[Event "119th YMCA Winter-D"]
[Site "Warszawa"]
[Date "2013.01.22"]
[Round "3"]
[White "Duniec, Mateusz"]
[Black "Budrewicz, Henryk"]
[Result "1/2-1/2"]
[WhiteElo "1619"]
[BlackElo "1585"]
[PlyCount "93"]
[EventDate "2013.01.08"]
[EventType "tourn"]
[EventRounds "1"]
[EventCountry "POL"]
[SourceDate "2013.01.07"]

1. e4 e6 2. d4 b6 3. Nc3 Bb7 4. Bd3 Bb4 5. Bd2 f5 6. Qh5+ g6 7. Qe2 Qe7 8. a3
Bxc3 9. Bxc3 Nf6 10. f3 fxe4 11. fxe4 Nxe4 12. Bxe4 Qh4+ 13. Kd2 Qxe4 14. Qxe4
Bxe4 15. Nf3 O-O 16. Rhf1 d6 17. Rae1 Bd5 18. Ng5 Rxf1 19. Rxf1 h6 20. Nf3 Nd7
21. Ke3 Rf8 22. Rf2 Nf6 23. h3 Ne4 24. Re2 Bc4 25. Re1 Bd5 26. Re2 a5 27. Re1
g5 28. Re2 h5 29. Nd2 Ng3 30. Rf2 Rxf2 31. Kxf2 Ne4+ 32. Nxe4 Bxe4 33. Bd2 g4
34. c3 c5 35. dxc5 bxc5 36. hxg4 hxg4 37. Kg3 e5 38. Kxg4 Bxg2 39. Bg5 a4 40.
Be7 d5 41. Bxc5 Bf1 42. Kf5 e4 43. Ke5 Bc4 44. Be3 Kf7 45. Kf5 Ke7 46. Ke5 Kd7
47. Kf6 1/2-1/2

[Event "119th YMCA Winter-D"]
[Site "Warszawa"]
[Date "2013.01.22"]
[Round "3"]
[White "Bartczak, Hanna"]
[Black "Zwolan, Anna"]
[Result "1-0"]
[WhiteElo "1543"]
[BlackElo "1650"]
[PlyCount "73"]
[EventDate "2013.01.08"]
[EventType "tourn"]
[EventRounds "1"]
[EventCountry "POL"]
[SourceDate "2013.01.07"]

1. d4 d5 2. c4 e5 3. dxe5 d4 4. Nf3 Nc6 5. a3 a5 6. b3 Nge7 7. Bb2 Ng6 8. Nxd4
Ngxe5 9. Nxc6 Qxd1+ 10. Kxd1 Nxc6 11. e4 Be6 12. Nd2 O-O-O 13. f4 f6 14. Kc2
Bc5 15. Nf3 Rhe8 16. Bd3 Bf7 17. e5 Rxd3 18. Kxd3 Rd8+ 19. Ke2 Bd4 20. Nxd4
Nxd4+ 21. Bxd4 Rxd4 22. Ke3 Rd8 23. exf6 gxf6 24. Rad1 Re8+ 25. Kf2 Bh5 26. Rd2
Re4 27. g3 Re7 28. Re1 Rg7 29. h3 Bg6 30. g4 f5 31. gxf5 Bh5 32. f6 Rg8 33. Re5
Bg6 34. Rxa5 Kb8 35. Rd7 Rf8 36. f7 c6 37. Re5 1-0

[Event "119th YMCA Winter-D"]
[Site "Warszawa"]
[Date "2013.01.22"]
[Round "3"]
[White "Chylewski, Patryk"]
[Black "Kalhorn, Marcin"]
[Result "1-0"]
[WhiteElo "1666"]
[BlackElo "1635"]
[PlyCount "103"]
[EventDate "2013.01.08"]
[EventType "tourn"]
[EventRounds "1"]
[EventCountry "POL"]
[SourceDate "2013.01.07"]

1. d4 g6 2. c4 Bg7 3. e4 c5 4. d5 d6 5. Nc3 Bxc3+ 6. bxc3 Qa5 7. Qc2 Nd7 8. Bd3
Nb6 9. f4 Bd7 10. Bb2 O-O-O 11. Nf3 h6 12. O-O e6 13. Rfd1 Ba4 14. Qe2 Bxd1 15.
Rxd1 Na4 16. Ba1 Qc7 17. e5 Ne7 18. dxe6 fxe6 19. exd6 Rxd6 20. Ne5 Rf8 21. Qg4
Nb6 22. Nxg6 Nxg6 23. Qxg6 Kb8 24. Qxh6 Qd8 25. Qh3 Rxf4 26. Qe3 Rf5 27. g4 Rg5
28. Qg3 Ka8 29. h4 Rg8 30. g5 Qe7 31. Re1 Rgd8 32. Re3 Qd7 33. Bf1 Rd1 34. Re1
Rxe1 35. Qxe1 Qd1 36. Qxd1 Rxd1 37. g6 Nd7 38. h5 Nf6 39. h6 Rd8 40. h7 Rh8 41.
Bd3 Nxh7 42. gxh7 Re8 43. Bb2 e5 44. Bc1 e4 45. Bxe4 Kb8 46. Bf4+ Kc8 47. Be5
Rxe5 48. h8=Q+ Kd7 49. Qxe5 Kc8 50. Bf5+ Kd8 51. Qg7 b6 52. Qd7# 1-0

[Event "119th YMCA Winter-D"]
[Site "Warszawa"]
[Date "2013.02.11"]
[Round "4"]
[White "Zwolan, Anna"]
[Black "Chylewski, Patryk"]
[Result "0-1"]
[WhiteElo "1650"]
[BlackElo "1666"]
[Annotator "Admin"]
[PlyCount "100"]
[EventDate "2013.01.08"]
[EventType "tourn"]
[EventRounds "1"]
[EventCountry "POL"]
[SourceDate "2013.01.07"]

1. e4 c5 2. d4 cxd4 3. c3 d3 4. Bxd3 d6 5. Be3 Nf6 6. h3 e6 7. Nd2 Nc6 8. f4
Qc7 9. Qf3 a6 10. a4 Be7 11. Ne2 b6 12. Qg3 O-O 13. O-O Nb8 14. f5 Kh8 15. Nf4
e5 16. Nd5 Nxd5 17. exd5 Nd7 18. Ne4 Nf6 19. Nxf6 Bxf6 20. Kh1 Bd7 21. Bg5 Bxg5
22. Qxg5 f6 23. Qe3 $11 Rfe8 24. Rf3 Qb7 25. h4 Rac8 26. Be4 b5 27. a5 b4 28.
h5 h6 29. Rg3 Re7 30. Qb6 Qxb6 31. axb6 Bb5 32. cxb4 Rb7 33. Bd3 Bxd3 34. Rxd3
Rxb6 35. Rc3 Rxc3 36. bxc3 Kg8 37. Kg1 Kf8 38. Kf2 Ke8 39. Ke3 Kd8 40. Ke4 Kc7
41. Re1 Rb5 42. Re3 Rb7 43. Rg3 Kb6 44. c4 a5 45. b5 Kc5 46. Ra3 Kb4 47. Rg3
Kxc4 48. b6 a4 49. Rg6 a3 50. Rg3 Kb4 0-1

[Event "119th YMCA Winter-D"]
[Site "Warszawa"]
[Date "2013.01.29"]
[Round "4"]
[White "Budrewicz, Henryk"]
[Black "Bartczak, Hanna"]
[Result "1-0"]
[WhiteElo "1585"]
[BlackElo "1543"]
[PlyCount "59"]
[EventDate "2013.01.08"]
[EventType "tourn"]
[EventRounds "1"]
[EventCountry "POL"]
[SourceDate "2013.01.07"]

1. e4 d6 2. d4 Nf6 3. Nc3 g6 4. f4 Bg7 5. Nf3 c6 6. e5 dxe5 7. fxe5 Nd5 8. Bd3
Nxc3 9. bxc3 Qc7 10. O-O O-O 11. Be3 c5 12. Qd2 Be6 13. Ng5 Bd5 14. Bf4 cxd4
15. cxd4 Qb6 16. c3 e6 17. Ne4 Nd7 18. Rfb1 Qd8 19. Nd6 b6 20. Rf1 f6 21. exf6
Nxf6 22. Be5 Ng4 23. Rxf8+ Qxf8 24. Rf1 Qd8 25. Nf7 Qh4 26. g3 Qe7 27. Bxg7
Kxg7 28. c4 Bb7 29. Ng5 h6 30. Rf7+ 1-0

[Event "119th YMCA Winter-D"]
[Site "Warszawa"]
[Date "2013.02.14"]
[Round "4"]
[White "Duda, Ryszard"]
[Black "Duniec, Mateusz"]
[Result "1-0"]
[WhiteElo "1635"]
[BlackElo "1619"]
[PlyCount "105"]
[EventDate "2013.01.08"]
[EventType "tourn"]
[EventRounds "1"]
[EventCountry "POL"]
[SourceDate "2013.01.07"]

1. e4 c5 2. Nf3 d6 3. d4 cxd4 4. Nxd4 Nf6 5. Nc3 g6 6. Be2 Bg7 7. O-O O-O 8.
Be3 Nc6 9. h3 d5 10. Nxc6 bxc6 11. e5 Nd7 12. f4 e6 13. Na4 Qa5 14. c4 Ba6 15.
Bd2 Qc7 16. Rc1 dxc4 17. Bxc4 Bxc4 18. Rxc4 Nb6 19. Ba5 Qd7 20. Rd4 Nd5 21. Nc5
Qc8 22. Rd3 Rb8 23. Rb3 Rb5 24. Rxb5 cxb5 25. Qc1 Nxf4 26. Rxf4 Bh6 27. Bd2
Bxf4 28. Bxf4 Rd8 29. Qe3 Rd1+ 30. Kh2 Qc6 31. Bg5 Rb1 32. Qd4 Qd5 33. Qc3 Qd1
34. Ne4 Qg1+ 35. Kg3 Qe1+ 36. Qxe1 Rxe1 37. Kf3 Kf8 38. Bd2 Rb1 39. Bc3 a5 40.
Nf6 h5 41. Nd7+ Ke7 42. Nb6 b4 43. Bd4 Rc1 44. Na4 Ra1 45. a3 Ke8 46. Bc5 bxa3
47. Bxa3 Re1 48. Bd6 Ra1 49. Nc3 a4 50. Kf2 Kd7 51. Ba3 Rc1 52. Nxa4 Rc4 53.
Nb6+ 1-0

[Event "119th YMCA Winter-D"]
[Site "Warszawa"]
[Date "2013.02.20"]
[Round "4"]
[White "Sanz-Wawer, Daniel"]
[Black "Wilczynski, Adam"]
[Result "0-1"]
[WhiteElo "1572"]
[BlackElo "1648"]
[PlyCount "72"]
[EventDate "2013.01.08"]
[EventType "tourn"]
[EventRounds "1"]
[EventCountry "POL"]
[SourceDate "2013.01.07"]

1. d4 Nf6 2. c4 e6 3. Nc3 Bb4 4. Qc2 O-O 5. Bg5 h6 6. Bf4 c5 7. e3 cxd4 8. exd4
d5 9. Nf3 Nc6 10. cxd5 exd5 11. Be2 g5 12. Bg3 g4 13. Ne5 Nxd4 14. Qd2 Nxe2 15.
Qxh6 Nxc3 16. Qg5+ Kh8 17. Qh6+ Nh7 18. Ng6+ fxg6 19. Be5+ Rf6 20. bxc3 Bc5 21.
O-O Bf5 22. Rad1 d4 23. cxd4 Bf8 24. Qh4 Kg8 25. Bxf6 Qxf6 26. Qg3 Bd6 27. Qb3+
Qf7 28. d5 Nf6 29. f3 Qh7 30. g3 gxf3 31. Rxf3 Ng4 32. Rd2 Be4 33. Rf1 Bc5+ 34.
Rff2 Bxf2+ 35. Rxf2 Nxf2 36. d6+ Qf7 0-1